000 00802nam a2200241Ia 4500
003 OSt
005 20220923220410.0
006 a|||||r|||| 00| 0
007 ta
008 220922b |||||||| |||| 00| 0 hin d
024 _a186,364
037 _cTextual
040 _aARTS
_cARTS
_bhin
041 _2hin
_ahin
082 _aY:1.2, 152M3
100 _aमुकर्जी, रवीन्द्र नाथ
_9158666
245 0 _aभारतीय समाज व संस्कृति
246 _aBhāratīya samāj v sanskṛuti
260 _aदिल्ली
_b विवेक प्रकाशन
_c1983
300 _a643 पृ.
_ccm.
942 _hY:1.2, 152M3
_cTEXL
_2CC
999 _c339608
_d339608